Animals in Movie Quotes Quiz Stats

Quiz Updated Jan 15, 2016

Challenge
Share
Tweet
Embed
Score 0/20 Timer 05:00
11 Plays Today
% Correct
Ape
97.1%
Dinosaurs
96.2%
Squirrel
95.4%
Rabbit
94%
Gopher
88.2%
Lemurs
86.5%
Ponies
84.3%
Antelope
82.7%
Sheep
80.8%
Elephant
75.5%
% Correct
Sharks
75.2%
Ants
73.3%
Fish
72.2%
Dolphin
69.1%
Rat
66.5%
Mantis
62.6%
Dog
58.2%
Goat
54.2%
Bees
53.5%
Hamster
50.2%

You're not logged in!

Compare scores with friends on all Sporcle quizzes.
Sign Up with Email
OR
Log In

You Might Also Like...

Show Comments

Extras

Top Quizzes Today


Score Distribution

Your Account Isn't Verified!

In order to create a playlist on Sporcle, you need to verify the email address you used during registration. Go to your Sporcle Settings to finish the process.

Report this User

Report this user for behavior that violates our Community Guidelines.

Details: